01375nam a2200241Ia 4500001001100000003001000011008004100021040002500062041001300087100001600100245004100116250001100157260007600168300001200244500025600256501011400512520025600626650003400882942000700916957000600923999004200929952016200971L240-46711IT-CnALBA170116s9999||||xx |||||||||||||| ||und|| aIT-CnALBAcIT-CnALBA aITALIANO aGNATA LAURA 0aPASSO DOPO PASSO, LAURA RACCONTA...  a1a ed. a UDINEbSEGNO, EDIZIONI c1997 [1° Ed.:1997 - Ed.Ling.Originale: 1997] a174 p.  aRICORDI DI INFANZIA. LA GUERRA. UNA VOCE. DIFFICOLTÀ. INSEGNAMENTO. IL PRIMO CORO. ISPIRAZIONE. NUOVA VITA E PROVE NUOVE. GIOIA NELL'IMPEGNO PER GLI ALTRI. IL DENARO. VIAGGI E INCONTRI. EDUCAZIONE. CORO GAM. ANIMAZIONE. GITE. IL CORO DOPO XXV ANNI.  aSocietà San Paolo EM - Piazza San Paolo, 14 - 12051 ALBA (CN) (non commercial uses only) ® Copyright 2017 aRICORDI DI INFANZIA. LA GUERRA. UNA VOCE. DIFFICOLTÀ. INSEGNAMENTO. IL PRIMO CORO. ISPIRAZIONE. NUOVA VITA E PROVE NUOVE. GIOIA NELL'IMPEGNO PER GLI ALTRI. IL DENARO. VIAGGI E INCONTRI. EDUCAZIONE. CORO GAM. ANIMAZIONE. GITE. IL CORO DOPO XXV ANNI.  aTEOLOGIA SPIRITUALE CRISTIANA cBK 71 a52972bNOg Copie: 1 c305650d305650 0010406L_2404671171aALBAbALBAd2017-01-16l0oL240-46711r2017-01-16 00:00:00w2017-01-16yBKz(data import: 16 gennaio 2017) - By Epidotti, Vaglietti.